00630nam a2200217Ia 4500008004100000041001200041082001000053082001100063100002300074100001100097245004200108260001000150260003900160260000900199300001500208365002500223650001300248942000700261999001900268952012500287150909s9999 xx 000 0 und d aEnglish a589.3 bVEN/BL aVenkataraman G.S  eAuthor aBlue- green algae for rice production aU S A bFood and Agriculture Organization c1981 a102 Pages aRs.34  aAlgology cBK c233887d233887 00104070aKAUCOAbKAUCOAd2015-09-16g34.00l0o589.3 VEN/BLpKAU-COA-17368 r2015-09-16 00:00:00w2015-09-16yBK